[Event "ROM-chT (Women)"]
[Site "Eforie Nord"]
[Date "2023.09.28"]
[Round "6.4"]
[White "Obada, Ema"]
[Black "Cristian, Stefania"]
[Result "1-0"]
[WhiteElo "2062"]
[BlackElo "1024"]
[PlyCount "47"]
[EventDate "2023.09.23"]
[EventType "team-tourn"]
[EventRounds "7"]
[EventCountry "ROU"]
[SourceTitle "CBM 216 Extra"]
[Source "ChessBase"]
[SourceDate "2023.11.30"]
[SourceVersion "1"]
[SourceVersionDate "2023.11.30"]
[SourceQuality "1"]
[WhiteTeam "Iasi 2020 (W)"]
[BlackTeam "Sighetu Marmatiei (W)"]
[WhiteTeamCountry "ROU"]
[BlackTeamCountry "ROU"]

1. e4 e5 2. Nf3 Nc6 3. Bc4 Bc5 4. c3 Nf6 5. d3 d5 6. exd5 Nxd5 7. Qb3 Be6 8. Qxb7 Bxf2+ 9. Kxf2 Nce7 10. Re1 f6 11. Qb5+ c6 12. Qc5 Qd7 13. d4 Bg4 14. Nbd2 Bxf3 15. Nxf3 Qf5 16. dxe5 Rd8 17. exf6 gxf6 18. Bxd5 Rd7 19. Rxe7+ Rxe7 20. Bxc6+ Qd7 21. Bxd7+ Rxd7 22. Qc8+ Rd8 23. Qe6+ Kf8 24. Bh6# 1-0